Journal of tourism, hospitality and commerce vědecko-odborný recenzovaný časopis

Enregistré dans:
Détails bibliographiques
Format: Publication en série
Langue:tchèque
Publié: Brno Vysoká škola obchodní a hotelová s.r.o. Brno 2013
Sujets:
Tags: Ajouter un tag
Pas de tags, Soyez le premier à ajouter un tag!

MARC

LEADER 00000nas2a2200000 4500
001 0239464
005 20180126121440.9
022 |a 1804-3836 
041 0 |a cze 
044 |a CZ 
245 1 0 |a Journal of tourism, hospitality and commerce  |b vědecko-odborný recenzovaný časopis 
264 1 |a Brno  |b Vysoká škola obchodní a hotelová s.r.o. Brno  |c 2013 
773 0 |w eu_un_cat*0207940 
610 2 0 |a ruch cestovný 
610 2 0 |a turistika 
610 2 0 |a obchod 
610 2 0 |a služby obchodné 
610 2 0 |a gastronómia